製紙工場のある自治体 - Statistics

General Stats
  • This quiz has been taken 63 times
  • The average score is 47 of 83
Answer Stats
企業名 工場名 都道府県 自治体 住所 % Correct
王子製紙 苫小牧工場 北海道 苫小牧市 王子町2-1-1
85%
王子エフテックス 東海工場製造部 静岡県 富士市 中之郷1157-1
77%
王子エフテックス 東海工場富士製造所 静岡県 富士市 前田14-1
77%
王子マテリア 富士工場 静岡県 富士市 平垣300
77%
興亜工業 本社工場 静岡県 富士市 比奈1286-2
77%
日本製紙 富士工場 静岡県 富士市 比奈798
77%
日本製紙パピリア 原田工場 静岡県 富士市 原田506
77%
TENTOK 本社工場 静岡県 富士市 天間264
77%
三菱製紙 富士工場 静岡県 富士市 新橋町7-1
77%
大阪製紙 本社工場 大阪府 大阪市西淀川区 佃7-1-60
71%
王子マテリア 大阪工場 大阪府 大阪市東淀川区 南江口3-15-58
71%
福山製紙 本社工場 大阪府 大阪市淀川区 加島2-2-1
71%
三菱製紙 高砂工場 兵庫県 高砂市 高砂町栄町105
71%
王子製紙 米子工場 鳥取県 米子市 吉岡373
71%
愛媛製紙 本社工場 愛媛県 四国中央市 村松町370
71%
大王製紙 三島工場 愛媛県 四国中央市 三島紙屋町5-1
71%
丸住製紙 川之江工場 愛媛県 四国中央市 川之江町826
71%
丸住製紙 大江工場 愛媛県 四国中央市 川之江町4085
71%
リンテック 三島工場 愛媛県 四国中央市 三島紙屋町2-46
71%
中越パルプ工業 高岡工場 富山県 高岡市 米島282
69%
中越パルプ工業 生産本部二塚製造部 富山県 高岡市 二塚3288
69%
王子マテリア 釧路工場 北海道 釧路市 大楽毛3-2-5
67%
日本製紙 勿来工場 福島県 いわき市 勿来町窪田十条1
67%
大王製紙 いわき大王製紙 福島県 いわき市 南台4-3-6
67%
巴川コーポレーション 静岡事業所 静岡県 静岡市駿河区 用宗巴町3-1
65%
レンゴー 尼崎工場 兵庫県 尼崎市 杭瀬南新町1-4-1
65%
アテナ製紙 岡山工場 岡山県 岡山市南区 大福721
65%
岡山製紙 本社工場 岡山県 岡山市南区 浜野1-4-34
65%
加賀製紙 本社工場 石川県 金沢市 西金沢1-111
63%
三善製紙 金沢工場 石川県 金沢市 金石北3-1-1
63%
王子エフテックス 中津工場 岐阜県 中津川市 中津川3465-1
62%
王子マテリア 岐阜工場 中津川工場 岐阜県 中津川市 小川町2-3
62%
大津板紙 工場 滋賀県 大津市 馬場1-15-15
62%
北越コーポレーション 大阪工場 大阪府 吹田市 南吹田4-20-1
62%
日本製紙パピリア 吹田工場 大阪府 吹田市 東御旅町11-46
62%
日本製紙 秋田工場 秋田県 秋田市 向浜2-1-1
60%
丸三製紙 本社工場 福島県 南相馬市 原町区青葉町1-12-1
60%
王子マテリア 江戸川工場 東京都 江戸川区 東篠崎2-3-2
60%
北越コーポレーション 新潟工場 新潟県 新潟市東区 榎町57
60%
三菱製紙 八戸工場 青森県 八戸市 大字河原木字青森谷地
58%
日本製紙 石巻工場 宮城県 石巻市 南光町2-2-1
58%
王子マテリア 日光工場 栃木県 宇都宮市 白沢町592
58%
日本製紙 岩国工場 山口県 岩国市 飯田町2-8-1
58%
日本製紙 江津工場 島根県 江津市 江津町1280
56%
王子マテリア 呉工場 広島県 呉市 広末広2-1-1
56%
王子マテリア 佐賀工場 佐賀県 佐賀市 久保田町大字久保田1
56%
日本製紙 八代工場 熊本県 八代市 十条町1-1
54%
日本製紙 旭川工場 北海道 旭川市 パルプ町505-1
52%
王子マテリア 大分工場 大分県 大分市 大字小中島字江ノ道872-1
52%
北越コーポレーション 長岡工場 新潟県 長岡市 蔵王3-2-1
50%
王子エフテックス 東海工場芝川製造所 静岡県 富士宮市 羽鮒1231-2
50%
中越パルプ工場 川内工場 鹿児島県 薩摩川内市 宮内町1-26
50%
日本製紙 白老工場 北海道 白老郡白老町 字北吉原181
48%
北越コーポレーション 関東工場・勝田 茨城県 ひたちなか市 高場1760
48%
立山製紙 本社工場 富山県 中新川郡立山町 五百石141
48%
王子製紙 富岡工場 徳島県 阿南市 豊益町吉田1
48%
三菱製紙 北上工場 岩手県 北上市 相去町笹長根35
46%
リンテック 熊谷工場 埼玉県 熊谷市 万吉3478
46%
レンゴー 金津工場 福井県 あわら市 自由ヶ丘1-8-10
46%
王子マテリア 松本工場 長野県 松本市 大字笹賀5200-1
46%
日本製紙 岩沼工場 宮城県 岩沼市 大昭和1-1
44%
日本製紙 草加工場 埼玉県 草加市 松江4-3-39
44%
新東海製紙 島田工場 静岡県 島田市 向島町4379
44%
王子製紙 春日井工場 愛知県 春日井市 王子町1
44%
王子マテリア 祖父江工場 愛知県 稲沢市 祖父江外平150
44%
王子製紙 日南工場 宮崎県 日南市 大字戸高1850
44%
レンゴー 八潮工場 埼玉県 八潮市 西袋330
42%
北越コーポレーション 関東工場・市川 千葉県 市川市 大洲3-21-1
42%
兵庫パルプ工業 谷川工場 兵庫県 丹波市 山南町谷川858
42%
日本製紙 大竹工場 広島県 大竹市 東栄2-1-18
42%
レンゴー 利根川事業所製紙工場 茨城県 坂東市 岩井5269
40%
北越コーポレーション 紀州工場 三重県 南牟婁郡紀宝町 鵜殿182
40%
日本製紙 足利工場 栃木県 足利市 宮北町12-7
38%
三菱製紙 京都工場 京都府 長岡京市 開田1-6-6
38%
王子マテリア 岐阜工場 恵那工場 岐阜県 恵那市 大井町696
37%
特種東海製紙 三島工場 静岡県 駿東郡長泉町 本宿501
37%
日本製紙パピリア 高知工場 高知県 吾川郡いの町 内野北町1
37%
王子エフテックス 江別工場 北海道 江別市 王子1
35%
高砂製紙 本社工場 茨城県 常総市 豊岡町甲60
35%
大王製紙 可児工場 岐阜県 可児市 土田500
35%
エコペーパーJP 本社工場 愛知県 尾張旭市 晴丘町東82-1
33%
王子エフテックス 滋賀工場 滋賀県 湖南市 朝国65
33%
大和板紙 本社工場 大阪府 柏原市 河原町5-32
29%
No matching quizzes found
Score Distribution
Percent of People with Each Score
Percentile by Number Answered
Your Score History
You have not taken this quiz